Penser l'histoire du présent avec Hegel / (Record n. 18337)

Dettagli MARC
000 -LEADER
fixed length control field 00803nam a22002417a 4500
003 - CONTROL NUMBER IDENTIFIER
control field IT-RoINE
005 - DATE AND TIME OF LATEST TRANSACTION
control field 20190912121028.0
008 - FIXED-LENGTH DATA ELEMENTS--GENERAL INFORMATION
fixed length control field 170707s2017 fr |||||r|||| 00| | fre d
020 ## - INTERNATIONAL STANDARD BOOK NUMBER
International Standard Book Number 9782711627554
040 ## - CATALOGING SOURCE
Original cataloging agency IT-RoINE
100 1# - MAIN ENTRY--PERSONAL NAME
Personal name Bourgeois, Bernard,
Dates associated with a name 1929-
9 (RLIN) 36539
245 10 - TITLE STATEMENT
Title Penser l'histoire du présent avec Hegel /
Statement of responsibility, etc Bernard Bourgeois.
260 ## - PUBLICATION, DISTRIBUTION, ETC. (IMPRINT)
Place of publication, distribution, etc Paris :
Name of publisher, distributor, etc J. Vin,
Date of publication, distribution, etc 2017.
300 ## - PHYSICAL DESCRIPTION
Extent 138 p. ;
Dimensions 18 cm.
336 ## - CONTENT TYPE
Source rdacontent
Content type term text
337 ## - MEDIA TYPE
Source rdamedia
Media type term unmediated
338 ## - CARRIER TYPE
Source rdacarrier
Carrier type term volume
490 1# - SERIES STATEMENT
Series statement Bibliothèque d'histoire de la philosophie
600 14 - SUBJECT ADDED ENTRY--PERSONAL NAME
9 (RLIN) 20895
Personal name Hegel, Georg Wilhelm Friedrich,
Dates associated with a name 1770-1831
General subdivision Crítica e interpretación
650 #4 - SUBJECT ADDED ENTRY--TOPICAL TERM
9 (RLIN) 7402
Topical term or geographic name as entry element Historia
General subdivision Filosofía
830 #0 - SERIES ADDED ENTRY--UNIFORM TITLE
Uniform title Bibliothèque d'histoire de la philosophie
9 (RLIN) 36540
942 ## - ADDED ENTRY ELEMENTS (KOHA)
Item type Monografías
Dati di copia
Withdrawn status Lost status Damaged status Not for loan Home library Current library Date acquired Total Checkouts Full call number Barcode Date last seen Price effective from Koha item type
        Iglesia Nacional Española en Roma Iglesia Nacional Española en Roma 07/07/2017   FIL 439 42215 07/07/2017 07/07/2017 Monografías